<?xml version="1.0" encoding="UTF-8"?>
<collection xmlns="http://www.loc.gov/MARC21/slim">
 <record>
  <leader>03239nab a2200409 i 4500</leader>
  <controlfield tag="001">publ36331</controlfield>
  <controlfield tag="005">20250416130135.0</controlfield>
  <controlfield tag="008">250324s2025    hu      o     000   eng d</controlfield>
  <datafield tag="022" ind1=" " ind2=" ">
   <subfield code="a">1432-086X</subfield>
  </datafield>
  <datafield tag="024" ind1="7" ind2=" ">
   <subfield code="a">10.1007/s00270-025-04003-z</subfield>
   <subfield code="2">doi</subfield>
  </datafield>
  <datafield tag="024" ind1="7" ind2=" ">
   <subfield code="a">36041368</subfield>
   <subfield code="2">mtmt</subfield>
  </datafield>
  <datafield tag="040" ind1=" " ind2=" ">
   <subfield code="a">SZTE Publicatio Repozitórium</subfield>
   <subfield code="b">hun</subfield>
  </datafield>
  <datafield tag="041" ind1=" " ind2=" ">
   <subfield code="a">eng</subfield>
  </datafield>
  <datafield tag="100" ind1="1" ind2=" ">
   <subfield code="a">Langhoff Ralf</subfield>
  </datafield>
  <datafield tag="245" ind1="1" ind2="0">
   <subfield code="a">30-Day Outcomes of Real-World Elective Carotid Stenosis Treatment Using a Dual-Layer Micromesh Stent (ROADSAVER Study)</subfield>
   <subfield code="h">[elektronikus dokumentum] /</subfield>
   <subfield code="c"> Langhoff Ralf</subfield>
  </datafield>
  <datafield tag="260" ind1=" " ind2=" ">
   <subfield code="c">2025</subfield>
  </datafield>
  <datafield tag="300" ind1=" " ind2=" ">
   <subfield code="a">427-437</subfield>
  </datafield>
  <datafield tag="490" ind1="0" ind2=" ">
   <subfield code="a">Cardiovascular and interventional radiology</subfield>
   <subfield code="v">48 No. 4</subfield>
  </datafield>
  <datafield tag="520" ind1="3" ind2=" ">
   <subfield code="a">Carotid artery stenting with single-layer stents carries a risk of periprocedural cerebral embolization compared to carotid endarterectomy. Dual-layer micromesh stents were designed for improved plaque coverage and sustained embolic protection. This analysis aimed to confirm the Roadsaver dual-layer micromesh stent safety in a real-world carotid artery stenting cohort.ROADSAVER was a prospective, single-arm, multicenter, observational study. Patients with carotid artery stenosis, eligible for elective stenting, were enrolled at 52 sites across 13 European countries. All procedures followed standard practice. The primary outcome was the 30-day major adverse event rate, defined as the cumulative incidence of any death or stroke. All deaths, strokes, and carotid artery revascularizations were independently adjudicated.In total, 1965 patients were analysed (mean age 70.6 ± 8.8 years). Cerebral ischaemia symptoms were present in 49.4% of participants. Radial/ulnar access was used in 26.3% of cases and embolic protection in 63.8%. The 30-day major adverse event incidence was 2.2% (1.6% in asymptomatic and 2.8% in symptomatic patients), with any stroke at 1.9%, any death at 0.8%, and stroke-related death at 0.5%. Predictors of higher 30-day major adverse event risk, identified through multivariable modelling, included residual stenosis ≥ 30%, thromboembolic venous disease, previous myocardial infarction, age ≥ 75 years, family history of atherosclerosis, non-insulin-dependent diabetes mellitus, symptomatic carotid stenosis, and stent length.Dual-layer micromesh carotid artery stenting is safe, with a low 30-day major adverse event incidence in real-world asymptomatic and symptomatic patients, supporting the sustained embolic protection design concept.Level 2, observational study (with dramatic effect).</subfield>
  </datafield>
  <datafield tag="650" ind1=" " ind2="4">
   <subfield code="a">Klinikai orvostan</subfield>
  </datafield>
  <datafield tag="700" ind1="0" ind2="1">
   <subfield code="a">Vajda Zsolt</subfield>
   <subfield code="e">aut</subfield>
  </datafield>
  <datafield tag="700" ind1="0" ind2="2">
   <subfield code="a">Odrowąż-Pieniążek Piotr</subfield>
   <subfield code="e">aut</subfield>
  </datafield>
  <datafield tag="700" ind1="0" ind2="2">
   <subfield code="a">Gjoreski Aleksandar</subfield>
   <subfield code="e">aut</subfield>
  </datafield>
  <datafield tag="700" ind1="0" ind2="2">
   <subfield code="a">Beelen Roel</subfield>
   <subfield code="e">aut</subfield>
  </datafield>
  <datafield tag="700" ind1="0" ind2="2">
   <subfield code="a">Deloose Koen</subfield>
   <subfield code="e">aut</subfield>
  </datafield>
  <datafield tag="700" ind1="0" ind2="2">
   <subfield code="a">Nemes Balázs</subfield>
   <subfield code="e">aut</subfield>
  </datafield>
  <datafield tag="700" ind1="0" ind2="2">
   <subfield code="a">Ruzsa Zoltán</subfield>
   <subfield code="e">aut</subfield>
  </datafield>
  <datafield tag="700" ind1="0" ind2="2">
   <subfield code="a">Banos Jean-Luc</subfield>
   <subfield code="e">aut</subfield>
  </datafield>
  <datafield tag="700" ind1="0" ind2="2">
   <subfield code="a">Castro Sérgio</subfield>
   <subfield code="e">aut</subfield>
  </datafield>
  <datafield tag="700" ind1="0" ind2="2">
   <subfield code="a">Király István</subfield>
   <subfield code="e">aut</subfield>
  </datafield>
  <datafield tag="700" ind1="0" ind2="2">
   <subfield code="a">Csécsei Péter</subfield>
   <subfield code="e">aut</subfield>
  </datafield>
  <datafield tag="700" ind1="0" ind2="2">
   <subfield code="a">Barzó Pál</subfield>
   <subfield code="e">aut</subfield>
  </datafield>
  <datafield tag="700" ind1="0" ind2="2">
   <subfield code="a">Till Viktor</subfield>
   <subfield code="e">aut</subfield>
  </datafield>
  <datafield tag="700" ind1="0" ind2="2">
   <subfield code="a">Andrássy Martin</subfield>
   <subfield code="e">aut</subfield>
  </datafield>
  <datafield tag="700" ind1="0" ind2="2">
   <subfield code="a">et al.</subfield>
   <subfield code="e">aut</subfield>
  </datafield>
  <datafield tag="856" ind1="4" ind2="0">
   <subfield code="u">http://publicatio.bibl.u-szeged.hu/36331/7/36041368.pdf</subfield>
   <subfield code="z">Dokumentum-elérés </subfield>
  </datafield>
  <datafield tag="856" ind1="4" ind2="0">
   <subfield code="u">http://publicatio.bibl.u-szeged.hu/36331/1/Langhoff.pdf</subfield>
   <subfield code="z">Dokumentum-elérés </subfield>
  </datafield>
 </record>
</collection>
